000 00678cam a22002173a 4500
001 35250
003 PGUSA
005 20140828083747.0
008 110212s2011||||xxu|||||s|||||000 | eng d
040 _aPGUSA
_beng
042 _adc
100 1 _aPenning, Louwrens,
_d1854-1927
245 1 0 _aDe ruiters van Zuid-Afrika :
_been verhaal uit de dagen van Jameson en Krugersdorp 1895-96
_h[electronic resource] /
_cLouwrens Penning
260 _bProject Gutenberg,
_c2011
506 _aPublic domain in the USA.
516 _aElectronic text
700 1 _aSteelink, Willem
830 0 _aProject Gutenberg
_v35250
856 4 0 _uhttp://www.gutenberg.org/ebooks/35250
942 _cEB
999 _c264505
_d264505